000 00695nam a2200205Ii 4500
003 JO-AjNU
008 230605s9999||||xx |||||||||||||| ||und||
040 _aJO-AjNU
_bara
_erda
_cJO-AjNU
041 _aara
050 1 4 _aPJ7696.T3 1987
100 3 _aشرحه وقدم له ناصر الدين،مهدي محمد,
_eauthor
_918976
245 0 0 _aديوان طرفة بن العبد
250 _aط1
264 3 1 _aبيروت:دار الكتب العلمية،1987
300 _a85ص
336 _atext
_btxt
_2rdacontent
337 _aunmediated
_bn
_2rdamedia
338 _avolume
_bnc
_2rdacarrier
650 4 _aالشعر العربي - تاريخ ونقد - العصر الجاهلي
_918977
999 _aA6169
_c9737
_d9737